Missing Word: 40 Years of Movies Quiz Stats

 Plays Quiz Updated Aug 7, 2014

Support Sporcle.
Go Orange.
Score 0/40 Timer 04:00
0 Plays Today
Hint Missing Word % Correct
____ and DumberDumb
97.7%
Beauty and the ____Beast
97.6%
Planet of the ____Apes
97.5%
Beverly ____ CopHills
97.3%
____: ImpossibleMission
97.2%
____ in WonderlandAlice
96.5%
The Hunger ____Games
96.2%
Back to the ____Future
96.1%
Die Another ____Day
95.9%
____ the FockersMeet
95.8%
The ____ SenseSixth
95.8%
The 40 Year Old ____Virgin
95.7%
Sleepless in ____Seattle
94.8%
Saturday Night ____Fever
93.7%
____ Men and a BabyThree
93.5%
A Few ____ MenGood
93.2%
My Best ____ WeddingFriend's
92.5%
____ of EndearmentTerms
90.8%
The ____ of Wall StreetWolf
90.3%
Shakespeare in ____Love
90.3%
Hint Missing Word % Correct
Night at the ____Museum
89.6%
____ Lies BeneathWhat
89.1%
____ from AlcatrazEscape
88.9%
____ with WolvesDances
87.7%
Look Who's ____Talking
87.1%
The ____ LockerHurt
86.8%
No ____ for Old MenCountry
86.6%
A ____ Called WandaFish
86.4%
The ____ News BearsBad
85.8%
Ferris ____ Day OffBueller's
85.6%
An Officer and a ____Gentleman
82.6%
The ____ ReloadedMatrix
81.2%
Quantum of ____Solace
79.3%
____ Day AfternoonDog
78.8%
Guardians of the _____Galaxy
77.7%
The ____ HunterDeer
74.7%
Die Hard with a ____Vengeance
71.9%
Seems Like Old ____Times
66.9%
On ____ PondGolden
65.2%
____: Dark of the MoonTransformers
50.9%

Today's Daily Dose

Word Ladder
GOT7 Songs

Quick Pick
Women Comedians

Get the Picture
Collectibles

From the Vault

Clickable Sporcle Quiz Show: Literature

by bhenderson79

Consider this the hitchhikers guide to Sporcle quiz shows.
Remove Ads.
Support Sporcle.
Get the best of Sporcle when you Go Orange. This ad-free experience offers more features, more stats, and more fun while also helping to support Sporcle. Thank you for becoming a member.

Show Comments

Extras

Top Quizzes Today


Score Distribution

Your Account Isn't Verified!

In order to create a playlist on Sporcle, you need to verify the email address you used during registration. Go to your Sporcle Settings to finish the process.

Report this User

Report this user for behavior that violates our Community Guidelines.

Details: